00550nam a22001577a 450000500170000001000170001702000260003403500170006003700210007708200150009824501470011326000340026027000510029430000230034571000240036820120509152442.0 aB-458239-253 a9788126916283c795.00 aB-458239-253 adplbK.K.Pub/Ven a364.150954 aSocial issues :bhuman trafficking, rights of migrant workers and their education /c edited by Manju mohan mukherjee; V.parameswaran; S.K.Roy aNew DelhibAtlantic Pubc2012 a7/22 Ansari Road darya GanjbNew Delhie110002 aVii,281pc21cm(Hb) aRoy S.K. (et....al)